Busta Rhymes Discography - Statistics

General Stats
  • This quiz has been taken 8 times
  • The average score is 7 of 19
Answer Stats
Year Name Type % Correct
1998 E.L.E. (Extinction Level Event): The Final World Front Album
86%
2001 Genesis Album
86%
1996 The Coming Album
71%
1997 When Disaster Strikes... Album
71%
2000 Anarchy Album
57%
2009 Back on My B.S. Album
57%
2006 The Big Bang Album
43%
2012 Year of the Dragon Album
43%
2002 It Ain't Safe No More... Album
29%
2013 The Abstract and the Dragon Mixtape
29%
2001 Total Devastation: The Best of Busta Rhymes Compilation
29%
2012 Catastrophic Mixtape
14%
2009 I Bulls... You Not Mixtape
14%
2004 Surrender Mixtape
14%
2004 The Artist Collection: Busta Rhymes Compilation
14%
2006 The Countdown to The Big Bang Mixtape
14%
2015 The Return of the Dragon (The Abstract Went on Vacation) Mixtape
14%
2002 Turn It Up! The Very Best of Busta Rhymes Compilation
14%
2014 Catastrophic 2 Mixtape
0%
No matching quizzes found
Score Distribution
Percent of People with Each Score
Percentile by Number Answered
Your Score History
You have not taken this quiz